Salut mental i Serveis Socials: L'espai Comunitari : Simposi, Cerdanyola del Vallès, 6, 7 i 8 de maig de 1993 L'espai Comunitari :
Publicado:
Barcelona :
Patronat Flor de Maig, Diputació de Barcelona : CIFA, Centre d'Investigació, Formació i Assessorament : AEN, Asociación Española de Neuropsiquiatría ,
1993
Descripción Física:
422 p. ; 24 cm
MARC
| LEADER | 00000nam a2200000Ia 4500 | ||
|---|---|---|---|
| 001 | 10414 | ||
| 003 | BGR | ||
| 005 | 20260324175638.0 | ||
| 008 | 160829s1993 xx 000 0 cat d | ||
| 080 | |a S-1-56 | ||
| 111 | |a Simposi Salut Mental i Serveis Socials: L'Espai Comunitari |c (Cerdanyola del Vallès : |d 1993) |9 70475 | ||
| 245 | |a Salut mental i Serveis Socials: |b L'espai Comunitari : |b Simposi, Cerdanyola del Vallès, 6, 7 i 8 de maig de 1993 | ||
| 260 | |a Barcelona : |b Patronat Flor de Maig, Diputació de Barcelona : |b CIFA, Centre d'Investigació, Formació i Assessorament : |b AEN, Asociación Española de Neuropsiquiatría, |c 1993 | ||
| 300 | |a 422 p. ; |c 24 cm | ||
| 650 | 0 | |a Salut mental |v Congressos |9 21783 | |
| 650 | |a Serveis socials |x Congressos |9 24401 | ||
| 710 | 2 | |a Centre d'Investigació, Formació i Assessorament |9 53068 | |
| 710 | 2 | |a Asociación Española de Neuropsiquiatría |9 70476 | |
| 901 | |a Arxiu | ||
| 942 | |n 1 |2 udc |c MON | ||
| 952 | |0 0 |1 0 |4 0 |6 S156 |7 1 |9 47344 |a Arxiu |b Arxiu |d 2016-12-01 |l 0 |o S-1-56 |p 10414 |r 2016-12-01 00:00:00 |w 2016-12-01 |y ARXIU | ||
| 999 | |c 51142 |d 51142 | ||